| 000 | 00619nam a2200181 4500 | ||
|---|---|---|---|
| 999 |
_c171665 _d171665 |
||
| 005 | 20210212163533.0 | ||
| 010 | _aENG-127451 | ||
| 020 |
_a9789382730453 _c1095.00 |
||
| 035 | _aEN-110983 | ||
| 037 | _bDBAD/PUB | ||
| 082 | _a658.3 | ||
| 100 | _aDeshmukh,Prakash | ||
| 245 |
_aHuman Resource Management Concept,Policies and Practices/ _cby Prakash Deshmukh |
||
| 260 |
_aKanpur _bGarima Prakashan _c2017 |
||
| 270 |
_a1st floor, Shivram Kripa'.Mayur Park,Basant Vihar Naubasta, Kanpur-21 _bKanpur _e208021 _mgarima.prakashan@gmail.com |
||
| 300 |
_a240p. _c24cm(hb) |
||
| 942 |
_2ddc _cEN _h658.3 _mDES |
||